Регионална библиотека "Любен Каравелов" - Русе

Българската възрожденска интелигенция (Запис номер 56365)

MARC детайли
000 -Лидер
Контролно поле с фиксирана дължина 02383nam a2200457 c 4500
003 - Код на организацията, давaща контролен номер
Контролно поле BLK
005 - Дата и час на последна редакция
Контролно поле 20231222085950.0
008 - Елементи от данни с фиксирана дължина
fixed length control field 180408b bul|||||r ||||||| ||bul||
010 ## - Наследен системен номер
LC control number KNG00060345000
040 ## - Източник на каталожния запис
Идентификатор на билиотеката - собственик на записа BLK
041 ## - Код за език
Код за езика на текст/звукозапис или на отделно заглавие Български
Код за езика КДБФ Български
072 #7 - Код за тематичната категория
Код организация bullib
Код за тематична категория К
Текст Краезнание
080 ## - УДК
Текстов определител УДК Период на кризата на феодализма, зараждане на капиталистически отношения. Възраждане на българския народ (II пол. на ХVIII в. - 1878 г.)
УДК код - определител по УДК 94(497.2)"1750/1878"
УДК определител (092)(031)
УДК - код + определител 94(497.2)"1750/1878"(092)(031)
080 ## - УДК
Текстов определител УДК Биографии
УДК код - определител по УДК 929
УДК - код + определител 929
100 1# - Редна дума - Автор
Автор Аврамова, Румяна
Авторска отговорност първи автор
R(LIN) 286832
139 ## - Редно поле
Редна дума Българска възрожденска интелигенция
Авторски знак Бъл - Б 92
245 10 - Сведения за заглавието
Заглавие Българската възрожденска интелигенция
Подзаглавни данни Учители, свещеници, монаси, висши духовници, художници, лекари, аптекари, писатели, издатели, книжари, търговци, военни... : Енциклопедия
Редно поле (дума) Румяна Аврамова; състав. Николай Генчев; състав. Красимира Даскалова; предг. от Николай Генчев.
257 ## - Страна на издаване
Страна на създаване/издаване България
260 ## - Област на издателските данни
Име на издателя, разпространителя и проч. Д-р Петър Берон
Година на издаване 1988
Място на издаване, разпространение и проч. София
300 ## - Физическа характеристика
Страници 740 с.
Илюстрации и др. с ил.
Размери/Мащаб 30 см
380 ## - Жанр
Жанр История
500 ## - Общи забележки
Забележка Геогр. показалец
650 #4 - Допълнително описание по предмет – тема
Основно описание – тема или топоним Интелигенция - България - история
9 (RLIN) 249768
650 #4 - Допълнително описание по предмет – тема
Основно описание – тема или топоним Възраждане - България
9 (RLIN) 243355
653 ## - Ключова дума – ненормативна
Ключова дума интелигенция
653 ## - Ключова дума – ненормативна
Ключова дума Възраждане
653 ## - Ключова дума – ненормативна
Ключова дума история
653 ## - Ключова дума – ненормативна
Ключова дума България
653 ## - Ключова дума – ненормативна
Ключова дума енциклопедии
659 ## - Тематичен бюлетин
Тематичен бюлетин К
700 1# - Други автори (авторска отговорност)
Лично име Генчев, Николай
Автороска отговорност (Описва отношението между автора и произведението) състав.
Друга информация Николов, Николай Генчев
9 (RLIN) 364614
700 1# - Други автори (авторска отговорност)
Лично име Даскалова, Красимира
Автороска отговорност (Описва отношението между автора и произведението) състав.
9 (RLIN) 286833
700 1# - Други автори (авторска отговорност)
Лично име Генчев, Николай
Автороска отговорност (Описва отношението между автора и произведението) предг. от
Друга информация Николов, Николай Генчев
9 (RLIN) 364614
852 ## - Местоположение
Форматна сигнатура Цб ІІ 7257
856 4# - Електронен адрес и достъп
Електронен формат pdf - файл
856 4# - Електронен адрес и достъп
Електронен формат pdf - файл
999 ## - СИСТЕМНИ КОНТРОЛНИ НОМЕРА
Koha biblionumber 56365
Koha biblioitemnumber 56365
942 ## - АРТИКУЛИ
Вид на библиотечния материал Книги
Скрит в OPAC Не
Koha issues (borrowed), all copies 7
Периодичен библиозапис Да
944 ## - СЪЗДАВАНЕ И РЕДАКЦИЯ на ЗАПИСА
Създаване/Редакция Създаване
Дата на регистрацията/редакция 13.06.2004
Служител, извършил регистрацията/редакцията 30530
Статус, дата на статуса Минев Младен
944 ## - СЪЗДАВАНЕ И РЕДАКЦИЯ на ЗАПИСА
Създаване/Редакция Редакция
Дата на регистрацията/редакция 19.02.2013
999 ## - СИСТЕМНИ КОНТРОЛНИ НОМЕРА
Koha biblioitemnumber 56365
Наличности
Код за отписване Код за изгубен артикул Източник на класификационната схема Код за повреда Коз за рестрикции Код за отдаване Артикулен № Име на библиотеката - собственик Име на библиотеката, в която се намира в момента Статус (Текущо местоположение) Дата на вписване в системата Местоположение - отдел Цена в лева Инвентарен номер Систематично азбучна сигнатура Баркод Номер на екземпляра Цена в евро Служебна бележка Служебен тип на артикула
  Не е изгубен Universal Decimal Classification Не е повреден без рестрикции ползва се в читалня 89282 Регионална библиотека "Любен Каравелов" Русе Регионална библиотека "Любен Каравелов" Русе Читалня - справочен фонд 1993-01-01 Читалня 14.91 511674 СЧ 949.72.04(092)/Б92 120000511674 1 7.62 Дата инв: 28.03.2017 Бележки инв: СЧ2017 Книги
  Не е изгубен Universal Decimal Classification Не е повреден без рестрикции ползва се в читалня 89283 Регионална библиотека "Любен Каравелов" Русе Регионална библиотека "Любен Каравелов" Русе Хранилище 1988-01-01 Хранилище 14.91 511054 Цб ІІ 7257 120000511054 2 7.62 Дост: Dp Вид: Д N: стар фонд Дата: 01.01.1988 Книги
  Не е изгубен Universal Decimal Classification Не е повреден без рестрикции ползва се в читалня 89284 Регионална библиотека "Любен Каравелов" Русе Регионална библиотека "Любен Каравелов" Русе Детски отдел - справочен фонд 1988-01-01 Детски отдел - справочен фонд 14.91 511671 СД 949.72.04/Б 92 120000511671 3 7.62 Дост: Pk Вид: Ф N: стар фонд Дата: 01.01.1988 Дата инв: 20.11.2017 Бележки инв: СД2017 Книги
  Не е изгубен Universal Decimal Classification Не е повреден само за читалня ползва се в читалня 89285 Регионална библиотека "Любен Каравелов" Русе Регионална библиотека "Любен Каравелов" Русе СБИД 1988-01-01 СБИД 14.91 511673 С 94(497.2)/Б 92 120000511673 4 7.62 Дост: Pk Вид: Ф N: стар фонд Дата: 01.01.1988 Дата инв: 07.06.2017 Бележки инв: С2017 Книги
  Не е изгубен Universal Decimal Classification Не е повреден без рестрикции ползва се в читалня 89286 Регионална библиотека "Любен Каравелов" Русе Регионална библиотека "Любен Каравелов" Русе Краезнание 1988-01-01 Краезнание 14.91 511675 К 94 (497.2)"1601/1760"/Б 92 120000511675 5 7.62 Дост: Pk Вид: Ф N: стар фонд Дата: 01.01.1988 Дата инв: 08.11.2017 Бележки инв: СК2017 Книги
Vip Innovations Ltd, Rousse, Bulgaria 2025